Gracie Abrams - Une lettre, une chanson - Statistiques

Statistiques générales
  • Ce quiz a été pris 399 fois
    16 depuis la dernière actualisation
  • Le résultat moyen est 15 sur 19
Statistiques - réponses
Hint Réponse % Correct
I I Knew It, I Know You / I Know It Won't Work / I Love You, I’m Sorry / I miss you, I’m sorry / I Should Hate You / I Told You Things
100%
Chiffre 21 / 405
93%
B Best / Better / Block Me Out / Blowing Smoke / The Blue / The Bottom / Brush Fire
93%
U Under / Over / Unsteady / us. (feat. Taylor Swift)
93%
W Where Do We Go Now? / Will You Cry? / Wishful Thinking
93%
C Camden / Cool / Close To You
86%
F Fault Line / Feels Like / Felt Good About You / For Real This Time / Free Now / Friend / Full Machine
86%
P Packing It Up / Painkillers
86%
R Right Now / Risk /Rockland
86%
T tehe / That's so True / This Is What the Drugs Are For / Tough Love / Two People
86%
M Mean It / Mess It Up / minor
79%
A Alright / Amelie / Augusta
71%
G Gave You I Gave You I / Good Luck Charlie
71%
L Let It Happen / Long Sleeves
71%
H Hard to Sleep / Hit the Wall
64%
D Difficult
57%
O Older
57%
N Normal Thing
50%
S Stay
50%
Aucun quiz correspondant
Distribution des résultats
% des personnes avec chaque résultat
Percentile par nombre de réponses
Votre historique - résultats
Vous n’avez pas pris ce quiz depuis la dernière actualisation